| 000 | 00499nam a22001937a 4500 | ||
|---|---|---|---|
| 005 | 20230220161027.0 | ||
| 008 | 230220b ||||| |||| 00| 0 eng d | ||
| 040 | _cAL | ||
| 041 | _aEnglish | ||
| 082 |
_223 _a542/130 _bSONT |
||
| 100 |
_aP L Soni _972694 |
||
| 245 | _aTextbook of Organic chemistry | ||
| 250 | _aRev ed 9 | ||
| 260 |
_aDelhi _bSultan Chand and Sons _c1974 |
||
| 300 |
_a920 p. _bPB _c22x14 cm. |
||
| 650 |
_aChemistry _972695 |
||
| 700 |
_aSONI (P L) _972696 |
||
| 942 |
_2ddc _cBB |
||
| 999 |
_c226759 _d226759 |
||